Zgadnij celebrytę po zdjęciu #5 - Statystyki

Ogólne statystyki
  • Ten quiz został rozwiązany 57 razy
  • Średni wynik to 10 z 16
Statystyki odpowiedzi
Obrazkowy Odpowiedź % Poprawnych
Shakira
96%
Tom Holland
87%
Margot Robbie
84%
Zendaya
84%
Miley Cyrus
80%
Sabrina Carpenter
80%
Michael B Jordan
69%
Millie Bobby Brown
69%
Sydney Sweeney
67%
Cillian Murphy
56%
Timothee Chalamet
53%
Scarlett Johanson
51%
Gal Gadot
47%
Henry Cavil
44%
Anya Taylor Joy
38%
Tom Ellis
13%
Nie znaleziono quizów pasujących do podanych kryteriów
Rozkład punktacji
Procent ludzi z każdym wynikiem
Percentyl według liczby udzielonych odpowiedzi
Twoja historia wyników
Nie rozwiązałeś tego quizu